Produktívne susedstvo zobudilo v štatistikovi makroekonóma

Robert M. Solow, nositeľ Nobelovej ceny za ekonómiu. Jeho práca o vplyve technického pokroku na hospodársky rast tvorí základ súčasnej národohospodárskej teórie. Prehľad osobných údajov, jeho kariéra a najdôležitejšie diela. Svojou prácou pripravil pôdu pre novú odbornú disciplínu, tzv. účtovníctvo...

Ausführliche Beschreibung

Gespeichert in:
Bibliographische Detailangaben
1. Verfasser: Creutzburg, Dietrich
Format: Buchkapitel
Sprache:Slowakisch
Schlagworte:
Tags: Tag hinzufügen
Keine Tags, Fügen Sie das erste Tag hinzu!

MARC

LEADER 00000naa$a2200000$$$4500
001 0018111
005 20231004124554.6
041 0 |a slo 
044 |a SK 
245 1 0 |a Produktívne susedstvo zobudilo v štatistikovi makroekonóma  |c aut. Dietrich Creutzburg 
520 |a Robert M. Solow, nositeľ Nobelovej ceny za ekonómiu. Jeho práca o vplyve technického pokroku na hospodársky rast tvorí základ súčasnej národohospodárskej teórie. Prehľad osobných údajov, jeho kariéra a najdôležitejšie diela. Svojou prácou pripravil pôdu pre novú odbornú disciplínu, tzv. účtovníctvo rastu (growth accounting). Stabilný pojem pre technický pokrok ako zostatkovú hodnotu: Solowovo rezíduum. 
610 2 0 |a Nobelova cena 
610 2 0 |a Solow, R.M. 
610 2 0 |a teórie ekonomické 
610 2 0 |a teória účtovníctva 
610 2 0 |a rast hospodársky 
610 2 0 |a účtovníctvo rastu 
610 2 0 |a životopisy 
610 2 0 |a pokrok technický 
610 2 0 |a modely ekonomicko-matematické 
100 1 |a Creutzburg, Dietrich